Fr. Conceicao Rodrigues College of Engineering

Automobile electrical and electronic systems (Record no. 29146)

MARC details
000 -LEADER
fixed length control field 00385nam a2200181Ia 4500
082 ## - DEWEY DECIMAL CLASSIFICATION NUMBER
Classification number 629.2
Item number DEN
100 ## - MAIN ENTRY--PERSONAL NAME
Personal name Denton/ Tom
250 ## - EDITION STATEMENT
Edition statement 5
245 ## - TITLE STATEMENT
Title Automobile electrical and electronic systems
260 ## - PUBLICATION, DISTRIBUTION, ETC.
Name of publisher, distributor, etc. Taylor and francis
Date of publication, distribution, etc. 2018
366 ## - TRADE AVAILABILITY INFORMATION
Publishers's discount category 25
300 ## - PHYSICAL DESCRIPTION
Extent 673
546 ## - LANGUAGE NOTE
Language note ENGLISH
650 ## - SUBJECT ADDED ENTRY--TOPICAL TERM
Topical term or geographic name entry element AUTOMOBILE
654 ## - SUBJECT ADDED ENTRY--FACETED TOPICAL TERMS
Focus term automobile
942 ## - ADDED ENTRY ELEMENTS (KOHA)
Koha item type Reference Book
Holdings
Withdrawn status Lost status Damaged status Not for loan Collection Home library Current library Date acquired Source of acquisition Cost, normal purchase price Inventory number Total Checkouts Full call number Barcode Date last seen Date last checked out Cost, replacement price Price effective from Koha item type
        CRC Fr. Agnel's C.Rodrigues College of Engineering Fr. Agnel's C.Rodrigues College of Engineering 17/03/2023 Readers World 2987.25 349 dt 18.08.2022 1 629.2 DEN 25943 16/02/2026 07/02/2026 3983.00   Reference Book